Contributi ad un dizionario giuridico / (Record no. 61072)

MARC details
000 -LEADER
campo de control de longitud fija 00973cam a2200325Ma 4500
001 - NÚMERO DE CONTROL
campo de control 78594
003 - IDENTIFICADOR DE NÚMERO DE CONTROL
campo de control BJBSDDR
005 - FECHA Y HORA DE LA ÚLTIMA TRANSACCIÓN
campo de control 20240904163148.0
007 - CAMPO FIJO DE DESCRIPCIÓN FÍSICA--INFORMACIÓN GENERAL
campo de control de longitud fija ta
008 - DATOS DE LONGITUD FIJA--INFORMACIÓN GENERAL
campo de control de longitud fija 950803s1994 it b 000 0 ita d
020 ## - NÚMERO INTERNACIONAL ESTÁNDAR DEL LIBRO
Número Internacional Estándar del Libro 9788834840184
020 ## - NÚMERO INTERNACIONAL ESTÁNDAR DEL LIBRO
Número Internacional Estándar del Libro 8834840186
035 ## - NÚMERO DE CONTROL DEL SISTEMA
Número de control de sistema (OCoLC)ocn123244491
035 ## - NÚMERO DE CONTROL DEL SISTEMA
Número de control de sistema (OCoLC)123244491
040 ## - FUENTE DE CATALOGACIÓN
Centro catalogador/agencia de origen ItFiC
Centro/agencia transcriptor STF
Centro/agencia modificador OCLCG
Lengua de catalogación eng
041 0# - CÓDIGO DE IDIOMA
Código de lengua del texto/banda sonora o título independiente ita
050 14 - SIGNATURA TOPOGRÁFICA DE LA BIBLIOTECA DEL CONGRESO
Número de clasificación R K 52
Número de ítem B663c 1994
082 14 - NÚMERO DE LA CLASIFICACIÓN DECIMAL DEWEY
Número de clasificación 340
100 1# - ENTRADA PRINCIPAL--NOMBRE DE PERSONA
Nombre de persona Bobbio, Norberto,
Fechas asociadas al nombre 1909-2004
9 (RLIN) 34485
245 10 - MENCIÓN DEL TÍTULO
Título Contributi ad un dizionario giuridico /
Mención de responsabilidad, etc. Norberto Bobbio.
260 ## - PUBLICACIÓN, DISTRIBUCIÓN, ETC.
Lugar de publicación, distribución, etc. Torino :
Nombre del editor, distribuidor, etc. G. Giappichelli Editore,
Fecha de publicación, distribución, etc. c1994.
300 ## - DESCRIPCIÓN FÍSICA
Extensión xxiv, 365 pages ;
Dimensiones 23 cm.
490 1# - MENCIÓN DE SERIE
Mención de serie Analisi e diritto. Serie teorica ;
Designación de volumen o secuencia 15
500 ## - NOTA GENERAL
Nota general Collection of already published writings.
650 #0 - PUNTO DE ACCESO ADICIONAL DE MATERIA--TÉRMINO DE MATERIA
Término de materia o nombre geográfico como elemento de entrada Law
Subdivisión general Language.
650 #4 - PUNTO DE ACCESO ADICIONAL DE MATERIA--TÉRMINO DE MATERIA
Término de materia o nombre geográfico como elemento de entrada Derecho
Subdivisión de forma Diccionarios y enciclopedias
9 (RLIN) 38289
830 #0 - PUNTO DE ACCESO ADICIONAL DE SERIE-TÍTULO UNIFORME
Título uniforme Analisi e diritto.
Nombre de parte o sección de la obra Serie teorica ;
Designación de volumen o secuencia 15
9 (RLIN) 38288
942 ## - ELEMENTOS DE ENTRADA SECUNDARIOS (KOHA)
Fuente del sistema de clasificación o colocación Clasificación de Library of Congress
Tipo de ítem Koha Libro
946 ## - PROCESAMIENTO DE INFORMACIÓN LOCAL (OCLC)
a JCM
Holdings
Estatus retirado Estado de pérdida Fuente del sistema de clasificación o colocación Estado de daño No para préstamo Colección Biblioteca de origen Biblioteca actual Ubicación en estantería Fecha de adquisición Signatura topográfica completa Código de barras Visto por última vez Copia número Tipo de ítem Koha
    Clasificación de Library of Congress     Referencia Biblioteca Juan Bosch Biblioteca Juan Bosch Ciencias Sociales (3er. Piso) 10/04/2023 R K 52 B663c 1994 00000070784 24/10/2018 1 Libro